MARC details
| 000 -CABECERA |
| campo de control de longitud fija |
01671nam a2200325 i 4500 |
| 001 - NÚMERO DE CONTROL |
| campo de control |
991061720878906706 |
| 003 - IDENTIFICADOR DEL NÚMERO DE CONTROL |
| campo de control |
ES-BaIT |
| 005 - FECHA Y HORA DE LA ÚLTIMA TRANSACCIÓN |
| campo de control |
20260225080916.0 |
| 008 - DATOS DE LONGITUD FIJA--INFORMACIÓN GENERAL |
| campo de control de longitud fija |
260225e202404 fr a r 000 d fre c |
| 020 ## - NÚMERO INTERNACIONAL ESTÁNDAR DEL LIBRO |
| Número Internacional Estándar del Libro |
9782749816302 |
| 040 ## - FUENTE DE LA CATALOGACIÓN |
| Centro catalogador/agencia de origen |
ES-BaIT |
| Lengua de catalogación |
cat |
| Normas de descripción |
rda |
| Centro/agencia transcriptor |
ES-BaIT |
| 080 ## - NÚMERO DE LA CLASIFICACIÓN DECIMAL UNIVERSAL |
| Número de la Clasificación Decimal Universal |
840-2"20" |
| 100 1# - ENTRADA PRINCIPAL--NOMBRE DE PERSONA |
| Nombre de persona |
Le Bricquir, Nicolas |
| Término indicativo de función/relación |
autor |
| 9 (RLIN) |
168678 |
| 245 10 - MENCIÓN DE TÍTULO |
| Título |
Denali / |
| Mención de responsabilidad, etc. |
Nicolas Le Bricquir |
| 264 #1 - PRODUCCIÓN, PUBLICACIÓN, DISTRIBUCIÓN, FABRICACIÓN Y COPYRIGHT |
| Producción, publicación, distribución, fabricación y copyright |
Paris : |
| Nombre del de productor, editor, distribuidor, fabricante |
L'avant-scène théatre, |
| Fecha de producción, publicación, distribución, fabricación o copyright |
avril 2024 |
| 300 ## - DESCRIPCIÓN FÍSICA |
| Extensión |
88 pàgines, 12 pàgines sense numerar : |
| Otras características físicas |
i·llustracions ; |
| Dimensiones |
21 cm |
| 336 ## - TIPO DE CONTENIDO |
| Término de tipo de contenido |
text |
| Código de tipo de contenido |
txt |
| Fuente |
rdacontent |
| 336 ## - TIPO DE CONTENIDO |
| Término de tipo de contenido |
imatge fixa |
| Código de tipo de contenido |
sti |
| Fuente |
rdacontent |
| 337 ## - TIPO DE MEDIO |
| Nombre/término del tipo de medio |
sense mediació |
| Código del tipo de medio |
n |
| Fuente |
rdamedia |
| 338 ## - TIPO DE SOPORTE |
| Nombre/término del tipo de soporte |
volum |
| Código del tipo de soporte |
nc |
| Fuente |
rdacarrier |
| 490 1# - MENCIÓN DE SERIE |
| Mención de serie |
L'Avant-scène théâtre ; |
| Designación de volumen o secuencia |
no 1556 |
| 500 ## - NOTA GENERAL |
| Nota general |
P11: D3, H8 i altres |
| 500 ## - NOTA GENERAL |
| Nota general |
Publicat com no 1556 (avril 2024) de la revista L'Avant-scène théâtre |
| 520 ## - SUMARIO, ETC. |
| Sumario, etc. |
"Coup de tonnerre dans la ville d'Anchorage en Alaska ; Cynthia, 19 ans, est retrouvée sans vie dans la rivière Eklutna. Ligotée, bâillonnée, elle a été abattue d'une balle dans la nuque. Qu s'est-il passé la nuit du drame? Que faisait-elle dans le bois, avec ses amis Denali et Kayden, que tout semble accuser? La vérité, à chercher au-delà des apparences, est à la fois complexe et glaçante de simplicité. Les détectives sauront-ils remonter les pistes, comprendre cette jeunesse sous emprise, biberonnée aux résaux sociaux et à la illusion de l'argent facile?"-- Contracoberta |
| 650 #0 - PUNTO DE ACCESO ADICIONAL DE MATERIA--TÉRMINO DE MATERIA |
| Término de materia o nombre geográfico como elemento de entrada |
Assassinat |
| Subdivisión de forma |
Textos dramàtics |
| 9 (RLIN) |
150159 |
| 830 ## - PUNTO DE ACCESO ADICIONAL DE SERIE-TÍTULO UNIFORME |
| Título uniforme |
Avant-scène. |
| Nombre de parte o sección de la obra |
Théâtre |
| Designación de volumen o secuencia |
no 1556 |
| 9 (RLIN) |
168170 |
| 908 ## - COLOCAR PARÁMETRO DE COMANDO (RLIN) |
| Colocar parámetro de comando |
CDMAE |
| 940 ## - EQUIVALENCIA O REFERENCIA-CRUZADA--TÍTULO UNIFORME [OBSOLETO] [solamente CAN/MARC] |
| Título uniforme |
<a href="CDMAE">CDMAE</a> |
| 942 ## - ELEMENTOS DE ENTRADA AGREGADA (KOHA) |
| Fuente del sistema de clasificación o colocación |
Clasificación decimal universal |
| Tipo de ítem Koha |
Llibre |